The Americas 9

Bibliographic Details
Format: Book
Published: Chicago : Encyclopaedia Britannica,Inc , 2004
Series:My first britannica
Subjects:

MARC

LEADER 00000cam a2200000 7i4500
001 0000096299
005 20051012.0
020 |a 1593390572 
090 0 0 |a 032   |b MYF 
245 0 0 |a The Americas 9 
260 |a Chicago :   |b Encyclopaedia Britannica,Inc ,   |c 2004 
300 |a 96p. ;   |c 28cm. 
490 0 |a My first britannica 
650 0 0 |a United States   |x History   |x Encyclopedias 
999 |a 00185887   |b BUKU   |c JUNIOR REFERENCE   |e PERPUSTAKAAN KOMUNITI PETALING JAYA 
999 |a 00209501   |b ENSIKLOPEDIA KANAK-KANAK   |c JUNIOR REFERENCE   |e PERPUSTAKAAN KOMUNITI PETALING JAYA